Top 20 Easiest Capital Cities - Statistics

General Stats
  • This quiz has been taken 758 times
  • The average score is 19 of 20
Answer Stats
Country Capital % Correct
France Paris
100%
United Kingdom London
98%
Italy Rome
98%
United States Washington D.C.
98%
Germany Berlin
96%
Spain Madrid
95%
Russia Moscow
95%
Mexico Mexico City
94%
Japan Tokyo
94%
Greece Athens
93%
Ireland Dublin
93%
China Beijing
92%
Vatican City Vatican City
92%
India New Delhi
89%
Norway Oslo
89%
Netherlands Amsterdam
88%
Brazil Brasilia
88%
Belgium Brussels
88%
Portugal Lisbon
88%
Austria Vienna
88%
No matching quizzes found
Score Distribution
Percent of People with Each Score
Percentile by Number Answered
Your Score History
You have not taken this quiz